000 01374cam a2200373 i 4500
001 18049146
003 OSt
005 20230612094823.0
008 140227s2013 ke a b 001 0 eng d
010 _a 2013441546
020 _a9966031006
020 _a9789966031006
035 _a(OCoLC)ocn865190409
040 _aCU-L
_beng
_cCU-L
_erda
_dCU-L
_dDLC
042 _alccopycat
_alcode
043 _af-ke---
050 0 0 _aKSK970.7.C66
_bW37 2013
100 1 _aWaris, Attiya,
_eauthor.
245 1 0 _aTax & development :
_bsolving Kenya's fiscal crisis through human rights : a case study of Kenya's Constituency Development Fund /
_cAttiya Waris.
246 1 0 _aTax and development
264 1 _aNairobi :
_bLawAfrica,
_c[2013]
300 _axxii, 313 pages :
_billustrations ;
_c22 cm
336 _atext
_btxt
_2rdacontent
337 _aunmediated
_bn
_2rdamedia
338 _avolume
_bnc
_2rdacarrier
504 _aIncludes bibliographical references (pages [265]-298) and index.
610 2 0 _aConstituencies Development Fund (Kenya)
650 0 _aEconomic development projects
_xLaw and legislation
_zKenya.
650 0 _aFinance, Public
_xLaw and legislation
_zKenya.
650 0 _aHuman rights
_xEconomic aspects
_zKenya.
906 _a7
_bcbc
_ccopycat
_d2
_encip
_f20
_gy-gencatlg
942 _2ddc
_cBK
999 _c996
_d996